Handbook of training evaluation and measurement methods
| Main Author: | |
|---|---|
| Format: | Book |
| Published: |
London :
Kogan Page Ltd. ,
1990
|
| Subjects: |
MARC
| LEADER | 00000cam a2200000 7i4500 | ||
|---|---|---|---|
| 001 | 0000029461 | ||
| 002 | 000031791 | ||
| 005 | 20000330.0 | ||
| 020 | |a 1850917531 | ||
| 090 | 0 | 0 | |a 658.3124 |b PHI |
| 100 | 1 | |a Phillips, Jack J | |
| 245 | 1 | 0 | |a Handbook of training evaluation and measurement methods |c Jack J.Phillips |
| 260 | |a London : |b Kogan Page Ltd. , |c 1990 | ||
| 300 | |a 320p. ; |c 24cm. | ||
| 650 | 0 | 0 | |a Employees |x Training |x Evaluation |
| 999 | |a 023210 |b BUKU |c PINJAMAN |e PERPUSTAKAAN KOMUNITI PETALING JAYA | ||